| 000 | 00408 a2200181 4500 | ||
|---|---|---|---|
| 260 | _bINRA | ||
| 245 | _aOrganigrammes de technologie des industries alimentaires et agricoles | ||
| 300 | _a57p. | ||
| 260 | _aParis | ||
| 260 | _c1979 | ||
| 130 | _lFr. | ||
| 710 | _aINRA | ||
| 690 | _atechnologie | ||
| 690 | _aindustrie alimentaire | ||
| 690 | _aindustrie agricole | ||
| 999 |
_c20920 _d20920 |
||